banner-ar

شمس العرب تسطع على الغرب ''اثر الحضارة العربية فى اوروبة'' / (Record no. 37935)

MARC details
000 -الفاتح
حقل البيانات ثابتة الطول 00764nam a2200217Ia 4500
008 - عناصر البيانات ثابتة الطول - معلومات عامة
حقل البيانات ثابتة الطول 140319s9999 xx 000 0 ara d
040 ## - مصدر الفهرسة
وكالة الفهرسة الأصلية GCL /
وكالة النسخ GCL
082 04 - رقم تصنيف ديوى العشرى
رقم التصنيف 953
رقم المادة هـ ش
100 1# - المدخل الرئيسى - إسم شخصى
الإسم الشخصى مارون عيسى الخورى
245 10 - بيان العنوان
العنوان شمس العرب تسطع على الغرب ''اثر الحضارة العربية فى اوروبة'' /
بيان المسئوليه,etc مارون عيسى الخورى
700 1# - المدخل الاضافى - اسم شخصى
الإسم الشخصى كمال دسوقى
700 1# - المدخل الاضافى - اسم شخصى
الإسم الشخصى فاروق بيضون (مترجم)
700 1# - المدخل الاضافى - اسم شخصى
الإسم الشخصى هونكه، زيجريد
300 ## - الوصف المادى
التعداد 588 ص ؛
أبعاد الوعاء 24 سم
490 ## - بيان السلسلة
عنوان السلسلة
650 04 - المدخل الاضافى بالموضوع-مصطلح موضوعى
مصطلح موضوعي العالم العربى
650 04 - المدخل الاضافى بالموضوع-مصطلح موضوعى
مصطلح موضوعي الحضارة العربية الاسلامية - المعارف البحرية
650 04 - المدخل الاضافى بالموضوع-مصطلح موضوعى
مصطلح موضوعي التاريخ
942 ## - عناصر المدخل الإضافي( كوها)
مصدر التصنيف او مخطط الترفيف Dewey Decimal Classification
Koha [default] item type كتاب
Holdings
حالة التراجع حالة الفقد حالة تلف ليس للاعارة المكان المؤقت الموقع الحالى تاريخ الاكتساب اجمالي اﻻعارات رقم الطلب الباركود تاريخ اخر مشاهدة تاريخ تفعيل السعر نوع وعاء كوها
        مكتبة القاهرة الكبرى مكتبة القاهرة الكبرى 03/26/2014   953\هـ ش 92698 03/26/2014 03/26/2014 كتاب
        مكتبة القاهرة الكبرى مكتبة القاهرة الكبرى 03/26/2014   953\هـ ش 92699 03/26/2014 03/26/2014 كتاب
        مكتبة القاهرة الكبرى مكتبة القاهرة الكبرى 03/26/2014   953\هـ ش 92700 03/26/2014 03/26/2014 كتاب

Powered By

EGPV